Statistiche per Comuni della provincia di Treviso

Clicka qui per fare il quiz!

Statistiche generali

  • Questo quiz è stato fatto 45 volte
  • Il punteggio medio è 37 su 94

Statistiche sulle risposte

ComuneAbitanti% Corretto
Treviso85760
94%
Conegliano35276
88%
Mogliano Veneto27824
84%
Montebelluna31459
84%
Castelfranco Veneto33564
81%
Paese22068
81%
Vittorio Veneto27980
81%
Oderzo20645
75%
Motta di Livenza10852
69%
Silea10221
69%
Spresiano12417
69%
Asolo9101
63%
Roncade14684
63%
Casale sul Sile13157
59%
Preganziol17158
59%
Susegana11832
59%
Casier11409
56%
Nervesa della Battaglia6577
56%
Pieve di Soligo11955
56%
Ponte di Piave8311
56%
Villorba17946
56%
Zero Branco11537
56%
Cordignano6931
50%
Istrana9141
50%
Quinto di Treviso9966
50%
Codognè5299
47%
Riese Pio X11037
47%
San Biagio di Callalta13012
47%
Vedelago16737
47%
Volpago del Montello10177
47%
Cison di Valmarino2636
44%
Maser5150
44%
Monastier di Treviso4403
44%
Pederobba7375
44%
Cornuda6281
41%
Crocetta del Montello6107
41%
Farra di Soligo8622
41%
Giavera del Montello5198
41%
Portobuffolè750
41%
Carbonera11318
38%
Cessalto3884
38%
Gorgo al Monticano4065
38%
Mansuè5030
38%
Maserada sul Piave9363
38%
San Fior6950
38%
Valdobbiadene10259
38%
Arcade4548
34%
Follina3715
34%
Fregona2854
34%
Gaiarine6043
34%
Moriago della Battaglia2809
34%
Ponzano Veneto13034
34%
Possagno2206
34%
Refrontolo1688
34%
San Polo di Piave4916
34%
San Vendemiano9942
34%
Breda di Piave7696
31%
Godega di Sant'Urbano5970
31%
Meduna di Livenza2946
31%
Ormelle4492
31%
Cimadolmo3399
28%
Fontanelle5666
28%
Santa Lucia di Piave9178
28%
Caerano di San Marco7922
25%
Colle Umberto5128
25%
Povegliano5178
25%
Sernaglia della Battaglia6169
25%
Cappella Maggiore4705
22%
Morgano4458
22%
San Zenone degli Ezzelini7381
22%
Segusino1865
22%
Tarzo4270
22%
Vazzola6930
22%
Altivole7006
19%
Cavaso del Tomba2908
19%
Miane3225
19%
Monfumo1319
19%
Revine Lago2121
19%
Salgareda6656
19%
Sarmede3038
19%
Trevignano10752
19%
Vidor3671
19%
Fonte6011
16%
Loria9356
16%
Orsago3867
16%
Resana9454
16%
Zenson di Piave1797
16%
Borso del Grappa5942
13%
Castelcucco2298
13%
Castello di Godego7273
13%
Chiarano3671
13%
Mareno di Piave9640
13%
Pieve del Grappa6631
13%
San Pietro di Feletto5141
9%

Distribuzione punteggi

Percentile per numero di risposta

Percentuale di utenti per punteggio

I tuoi punteggi nel tempo

Non hai fatto questo quiz